| 000 | 01076nam0a22002291i 4500 | ||
|---|---|---|---|
| 001 | rc\4272144 | ||
| 005 | 20240724135745.0 | ||
| 021 |
_aRU _b[66-25252] |
||
| 035 | _a(NLR Aleph) 008241697 | ||
| 090 |
_a8281494 _c8281494 |
||
| 100 | _a20130416d1966 |||y0rusy50 ca | ||
| 101 | 0 | _arus | |
| 102 | _aRU | ||
| 105 | _ay d ||||| | ||
| 200 | 1 |
_aЭлектронно-микроскопический контроль неоднородности минералов _e(На примере титаномагнетитов, касситеритов и сфалеритов) _eАвтореферат дис. на соискание учен. степени канд. геол.-минерал. наук _fАН СССР. Ин-т геологии рудных месторождений, петрографии, минералогии и геохимии |
|
| 210 |
_aМосква _d1966 |
||
| 215 | _a22 с. | ||
| 700 | 1 |
_aБоярская _bР.В. _f1934- _gРимма Васильевна |
|
| 801 | 0 |
_aRU _bNLR _gpsbo |
|
| 801 | 1 |
_aRU _bELAR _2rusmarc |
|
| 852 |
_aNLR _j66-4/7033 |
||
| 942 | _cBOOK | ||